Регионална библиотека "Любен Каравелов" - Русе

Храм на чудесата (Запис номер 97559)

MARC детайли
000 -Лидер
Контролно поле с фиксирана дължина 01165nam a2200277 c 4500
003 - Код на организацията, давaща контролен номер
Контролно поле BLK
005 - Дата и час на последна редакция
Контролно поле 20240603174625.0
008 - Елементи от данни с фиксирана дължина
fixed length control field 180409b bul|||||r ||||||| ||bul||
010 ## - Наследен системен номер
LC control number KNG00102471000
040 ## - Източник на каталожния запис
Идентификатор на билиотеката - собственик на записа BLK
041 ## - Код за език
Код за езика на текст/звукозапис или на отделно заглавие Български
Код за езика КДБФ Български
080 ## - УДК
Текстов определител УДК Арабска литература. Подразделя се с помощта на общите определители на място (5/6)
УДК код - определител по УДК 821.411.21
УДК определител -34
УДК - код + определител 821.411.21-34
139 ## - Редно поле
Редна дума Храм на чудесата
Авторски знак Хр - Х 73
245 10 - Сведения за заглавието
Заглавие Храм на чудесата
Подзаглавни данни Приказки от 1001 нощ : Сборник
Редно поле (дума) прев. от араб. [с послесл.] Катя Ахмад ; прев. на стиховете Йордан Милев ; худож. Васил Миовски
260 ## - Област на издателските данни
Място на издаване, разпространение и проч. София
Име на издателя, разпространителя и проч. Нар. младеж
Година на издаване 1986
300 ## - Физическа характеристика
Страници 255 с.
Размери/Мащаб 24 см
380 ## - Жанр
Жанр Худож. лит.
700 1# - Други автори (авторска отговорност)
Лично име Ахмад, Катя
Автороска отговорност (Описва отношението между автора и произведението) прев. от араб.
9 (RLIN) 307234
852 ## - Местоположение
Форматна сигнатура Цб 142013
856 4# - Електронен адрес и достъп
Електронен формат pdf - файл
Инструкция (цена за достъп) 0.00
Права за достъп disable
856 4# - Електронен адрес и достъп
Електронен формат pdf - файл
Инструкция (цена за достъп) 0.00
Права за достъп disable
999 ## - СИСТЕМНИ КОНТРОЛНИ НОМЕРА
Koha biblionumber 97559
Koha biblioitemnumber 97559
942 ## - АРТИКУЛИ
Вид на библиотечния материал Книги
Скрит в OPAC Не
Koha issues (borrowed), all copies 3
Периодичен библиозапис Да
944 ## - СЪЗДАВАНЕ И РЕДАКЦИЯ на ЗАПИСА
Създаване/Редакция Създаване
Дата на регистрацията/редакция 01.01.1999
Служител, извършил регистрацията/редакцията 30534
Статус, дата на статуса Радостина Карадакова
944 ## - СЪЗДАВАНЕ И РЕДАКЦИЯ на ЗАПИСА
Създаване/Редакция Редакция
Дата на регистрацията/редакция 15.01.2003
999 ## - СИСТЕМНИ КОНТРОЛНИ НОМЕРА
Koha biblioitemnumber 97559
Наличности
Код за отписване Код за изгубен артикул Код за повреда Коз за рестрикции Код за отдаване Артикулен № Име на библиотеката - собственик Име на библиотеката, в която се намира в момента Статус (Текущо местоположение) Дата на вписване в системата Местоположение - отдел Цена в лева Инвентарен номер Систематично азбучна сигнатура Баркод Номер на екземпляра Цена в евро Служебна бележка Служебен тип на артикула Източник на класификационната схема
  Не е изгубен Не е повреден без рестрикции заемане за дома 156407 Регионална библиотека "Любен Каравелов" Русе Регионална библиотека "Любен Каравелов" Русе Детски отдел 2002-07-10 Детски отдел 2.30 120000671002 Д 820/899/Х 73 120000671002 1 1.18 Дост: Pk Вид: Б N: 2 Дата: 08.07.2002 Дата инв: 04.09.2015 Бележки инв: Д2015 Книги  
Изтеглен Не е изгубен Не е повреден без рестрикции заемане за дома 156408 Регионална библиотека "Любен Каравелов" Русе Регионална библиотека "Любен Каравелов" Русе Детски отдел 1986-01-01 Детски отдел 2.38 633806 Д 820/899/Х 73 633806 2 1.22 Дост: Pk Вид: Ф N: стар фонд Дата: 01.01.1986 Дата инв: 17.09.2015 Бележки инв: Д2015 Книги  
  Не е изгубен Не е повреден само за читалня ползва се в читалня 156409 Регионална библиотека "Любен Каравелов" Русе Регионална библиотека "Любен Каравелов" Русе Хранилище 1986-01-01 Хранилище 2.38 450832 Цб 142013 120000450832 3 1.22 Дост: Dp Вид: Д N: стар фонд Дата: 01.01.1986 Книги Universal Decimal Classification
Vip Innovations Ltd, Rousse, Bulgaria 2025